De zéro à millionnaire : (Notice n° 43414)

Détails MARC
000 -LEADER
fixed length control field 01074cam a2200385 i 4500
001 - CONTROL NUMBER
control field C201337
003 - CONTROL NUMBER IDENTIFIER
control field OSt
005 - DATE AND TIME OF LATEST TRANSACTION
control field 20260211122759.0
007 - PHYSICAL DESCRIPTION FIXED FIELD--GENERAL INFORMATION
fixed length control field t
008 - FIXED-LENGTH DATA ELEMENTS--GENERAL INFORMATION
fixed length control field 220119s2022 quca b 000 0 fre
009 - PHYSICAL DESCRIPTION FIXED-FIELD FOR ARCHIVAL COLLECTION (VM) [OBSOLETE]
fixed length control field 4
020 ## - INTERNATIONAL STANDARD BOOK NUMBER
International Standard Book Number 9782898250996
020 ## - INTERNATIONAL STANDARD BOOK NUMBER
International Standard Book Number 2898250996
035 ## - SYSTEM CONTROL NUMBER
System control number (BAnQ)0006692577
035 ## - SYSTEM CONTROL NUMBER
System control number (OCoLC)1285974777
035 ## - SYSTEM CONTROL NUMBER
System control number (SQTD)4396743
035 ## - SYSTEM CONTROL NUMBER
System control number (SDM)C201337
040 ## - CATALOGING SOURCE
Original cataloging agency QMBN
Language of cataloging fre
Description conventions rda
Transcribing agency QMBN
Modifying agency QMBND
-- SDM
-- SQTD
050 #4 - LIBRARY OF CONGRESS CALL NUMBER
Classification number HG4551
082 04 - DEWEY DECIMAL CLASSIFICATION NUMBER
Classification number 332.64 B552d
Edition number 23
082 04 - DEWEY DECIMAL CLASSIFICATION NUMBER
Classification number 332.642 B552d
Edition number 23
100 1# - MAIN ENTRY--PERSONAL NAME
Personal name Bérubé, Nicolas,
Dates associated with a name 1977-
Relator term auteur.
9 (RLIN) 1247705ad
Field link and sequence number 1395204ad
245 10 - TITLE STATEMENT
Title De zéro à millionnaire :
Remainder of title investir en bourse sans souffrir /
Statement of responsibility, etc Nicolas Bérubé.
246 3# - VARYING FORM OF TITLE
Title proper/short title De 0 à millionnaire
246 30 - VARYING FORM OF TITLE
Title proper/short title Investir en bourse sans souffrir
300 ## - PHYSICAL DESCRIPTION
Extent 253 pages :
Other physical details illustrations ;
Dimensions 21 cm.
504 ## - BIBLIOGRAPHY, ETC. NOTE
Bibliography, etc Comprend des références bibliographiques (pages 249-253).
521 ## - TARGET AUDIENCE NOTE
Target audience note A 3.
590 ## - LOCAL NOTE (RLIN)
Local note A
650 #6 - SUBJECT ADDED ENTRY--TOPICAL TERM
Topical term or geographic name as entry element Bourse.
650 #6 - SUBJECT ADDED ENTRY--TOPICAL TERM
Topical term or geographic name as entry element Investissements.
908 ## - PUT COMMAND PARAMETER (RLIN)
Put command parameter pa
908 ## - PUT COMMAND PARAMETER (RLIN)
Put command parameter SDM
942 ## - ADDED ENTRY ELEMENTS (KOHA)
Source of classification or shelving scheme Dewey Decimal Classification
Koha item type Livre
Exemplaires
Withdrawn status Lost status Source of classification or shelving scheme Damaged status Not for loan Home library Current library Date acquired Total Checkouts Full call number Barcode Date last seen Price effective from Koha item type
    Dewey Decimal Classification     Main Library Main Library 11/02/2026   332.64 B552d 208824 11/02/2026 11/02/2026 Livre